000
00202 a2200097 4500
001
12939
100
_a
Banno Quddosa
245
_a
Luggen Apni Apni
260
_a
_b
Sange e meel
_c
090
_c
9930
_d
9930
942
_a
NUST-CAE
_c
M
_c
36856
999
_c
248012
_d
248012